000
00453nam a2200145Ia 4500
008
100204s9999 xx 000 0 und d
082
_b
16095
100
_a
धाराशिवकर मुकुंद
245
_a
रिंगण
260
_b
"ग्रंथाली वाचक चळवळ , मुंबई - कुर्ला"
_c
1980
300
_a
206
630
_a
रिंगण
730
_a
रिंगण
942
_c
BOOK
999
_c
460518
_d
460515